Use of rubber in road: The Malaysian experience (Record no. 71943)

MARC details
000 -LEADER
fixed length control field 00381nam a2200145Ia 4500
100 ## - MAIN ENTRY--AUTHOR NAME
Personal name Nambiar Jay
245 #0 - TITLE STATEMENT
Title Use of rubber in road: The Malaysian experience
260 ## - PUBLICATION, DISTRIBUTION, ETC. (IMPRINT)
Name of publisher Rubber Asia
Year of publication 2003
300 ## - PHYSICAL DESCRIPTION
Number of Pages 49-52,56
650 ## - SUBJECT ADDED ENTRY--TOPICAL TERM
Topical Term Rubberised road
650 ## - SUBJECT ADDED ENTRY--TOPICAL TERM
Topical Term Rubberized asphalt
700 ## - ADDED ENTRY--PERSONAL NAME
Personal name Ab Malek Kamaruddin
942 ## - ADDED ENTRY ELEMENTS (KOHA)
Koha item type Journals
Holdings
Withdrawn status Lost status Damaged status Not for loan Home library Current library Shelving location Date acquired Serial Enumeration / chronology Koha item type
      Journals RRII Library RRII Library Rubber general 17/12/2021 Volume 17, Issue 6 Journals